000
00305 a2200145 4500
001
194919
040
_c
Magnum
100
_a
DUARTE, Mel
240
1
0
_a
A descoberta do Adriel
_l
por
245
1
0
_a
A descoberta do Adriel
300
_a
15
362
0
_a
2020
697
_a
LITERATURA INFANTIL
942
_c
BK
999
_c
194919
_d
194919